000 00878nam a2200325 a 4500
003 AR-BaBNM
005 20251128205727.0
008 082120s2002 ||||||||||||||000 | spa||
020 _a84-7738-049-X
040 _cAR-BaBNM
100 1 _aGarrido Medina, Joaquín
245 0 0 _aLógica y lingüística
260 _aMadrid
_bSíntesis
_c1988
300 _a240 p.
_bgráfs.
490 0 _aLingüística
_vv. 2
500 _aContiene referencias bibliográficas en p. 217
500 _aIndice de autores y términos en p. 231
650 4 _aLINGÜISTICA
650 4 _aLOGICA
650 4 _aTEORIA LINGÜISTICA
650 4 _aSINTAXIS
650 4 _aSEMANTICA
650 4 _aGRAMATICA
650 4 _aSEMIOLOGIA
650 4 _aLENGUAJES VARIOS
653 _aFILOSOFIA DEL LENGUAJE
800 1 _aMarín, Francisco Marcos
_edirector
942 _cBK
998 _cMARTIN
999 _c12576
_d12576